Online Catalogue and eLibrary

Gami jana wahara (Record no. 5080)

MARC details
000 -LEADER
fixed length control field 00443nam a2200157Ia 4500
005 - DATE AND TIME OF LATEST TRANSACTION
control field 20250613023118.0
008 - FIXED-LENGTH DATA ELEMENTS--GENERAL INFORMATION
fixed length control field 240331s9999 xx 000 0 und d
020 ## - INTERNATIONAL STANDARD BOOK NUMBER
ISBN 9552075645
082 ## - DDC Classification
Item Number - Author Mark JAY
Class No. 307
100 ## - MAIN ENTRY--PERSONAL NAME
Personal name Jayawardena,H.V.P.S
245 #0 - TITLE STATEMENT
Title Gami jana wahara
260 ## - PUBLICATION, DISTRIBUTION, ETC.
Place of publication, distribution, etc. Colombo
Name of publisher, distributor, etc. S. Godage & Brothers
Date of publication, distribution, etc. 2005
300 ## - PHYSICAL DESCRIPTION
Extent (e.g. Volumes, Pages etc.) 200 p .,
500 ## - GENERAL NOTE
General note Rural People are slaves- A collection of words Selected from the vernacular
942 ## - Koha item type (Biblio)
Koha item type Books in Stacks (Lending)
Holdings
Lost status Damaged status Collection code Home library Current library Shelving location Date acquired Full call number Accession Number Item type
    Lending WERC Library WERC Library Social Science Cupboard 03/31/2024 307.72 JAY 6214 Books in Stacks (Lending)

© WERC Library